Psychodiagnostics : (Record no. 29029)
[ view plain ]
| 000 -LEADER | |
|---|---|
| fixed length control field | 01000cam a2200289u 4500 |
| 001 - CONTROL NUMBER | |
| control field | 29029 |
| 003 - CONTROL NUMBER IDENTIFIER | |
| rucl marc code | BD-RjUL |
| 005 - DATE AND TIME OF LATEST TRANSACTION | |
| control field | 20211209051349.0 |
| 008 - FIXED-LENGTH DATA ELEMENTS--GENERAL INFORMATION | |
| fixed length control field | 140402r19491942sz ac 001 0 eng d |
| 035 ## - SYSTEM CONTROL NUMBER | |
| System control number | (BD-RjUL)29114 |
| 040 ## - CATALOGING SOURCE | |
| Original cataloging agency | DLC |
| Transcribing agency | CarP |
| Modifying agency | DLC |
| -- | BD-RjUL |
| Language of cataloging | eng |
| 041 1# - LANGUAGE CODE | |
| Language code of text/sound track or separate title | eng |
| Language code of original | ger |
| 082 ## - DEWEY DECIMAL CLASSIFICATION NUMBER | |
| Classification number | 616.8521 |
| Author mark and year | ROP |
| 100 1# - MAIN ENTRY--PERSONAL NAME | |
| Personal name | Rorschach, Hermann, |
| Dates associated with a name | 1884-1922. |
| 9 (RLIN) | 88674 |
| 245 00 - TITLE STATEMENT | |
| Title | Psychodiagnostics : |
| Remainder of title | a diagnostic test based on perception, including Rorschach's paper, The application of the form interpretation test / |
| 260 ## - PUBLICATION, DISTRIBUTION, ETC. (IMPRINT) | |
| Place of publication, distribution, etc. | Berne, Switzerland ; |
| Name of publisher, distributor, etc. | H. Huber : |
| Place of publication, distribution, etc. | New York, N.Y., |
| Name of publisher, distributor, etc. | Grune & Stratton inc. |
| Date of publication, distribution, etc. | c1942 [Reprinted 1949] |
| 300 ## - PHYSICAL DESCRIPTION | |
| Pagination | 26 3 p. : |
| Illustrations | ill. ; |
| Size | 25 cm. |
| 504 ## - BIBLIOGRAPHY, ETC. NOTE | |
| Bibliography, etc | Includes Index |
| 650 #0 - SUBJECT ADDED ENTRY--TOPICAL TERM | |
| Topical term or geographic name as entry element | Psychoanalysis. |
| 9 (RLIN) | 88675 |
| Topical term or geographic name as entry element | Psychophysiology. |
| 9 (RLIN) | 88676 |
| Topical term or geographic name as entry element | Rorschach Test. |
| 9 (RLIN) | 88677 |
| 700 1# - ADDED ENTRY--PERSONAL NAME | |
| Personal name | Lemkau, Paul Victor, |
| Dates associated with a name | 1909- |
| Relator term | ed. and tr. |
| 942 ## - ADDED ENTRY ELEMENTS (KOHA) | |
| Source of classification or shelving scheme | Dewey Decimal Classification |
| Koha item type | Books |
| Lost status | Source of classification or shelving scheme | Damaged status | Not for loan | Collection code | Permanent Location | Current Location | Shelving location | Date acquired | Source of acquisition | Cost, normal purchase price | Total Checkouts | Full call number | Date last seen | Copy number | Koha item type |
|---|---|---|---|---|---|---|---|---|---|---|---|---|---|---|---|
| Dewey Decimal Classification | Non-fiction | Central Library, University of Rajshahi | Central Library, University of Rajshahi | Reading Room | 07/09/1955 | B. H. Black Well | 155.00 | 616.8521 ROP 1949 | 02/04/2014 | C-1 | Books |